Kỹ thuật nuôi cá ngựa ở biển Việt Nam

محفوظ في:
التفاصيل البيبلوغرافية
المؤلف الرئيسي: TRƯƠNG SĨ KỲ
التنسيق: كتاب
اللغة:Undetermined
منشور في: H. Nông Nghiệp 2000
الموضوعات:
الوسوم: إضافة وسم
لا توجد وسوم, كن أول من يضع وسما على هذه التسجيلة!
Thư viện lưu trữ: Trung tâm Học liệu Trường Đại học Cần Thơ
LEADER 00504nam a2200181Ia 4500
001 CTU_48457
008 210402s9999 xx 000 0 und d
082 |a 639.32 
082 |b K600 
100 |a TRƯƠNG SĨ KỲ 
245 0 |a Kỹ thuật nuôi cá ngựa ở biển Việt Nam 
245 0 |c TRƯƠNG SĨ KỲ 
260 |a H. 
260 |b Nông Nghiệp 
260 |c 2000 
650 |a sea horses 
904 |i Minh 
980 |a Trung tâm Học liệu Trường Đại học Cần Thơ